000 02732cam a22004214i 4500
003 PE-LiUPU
005 20250731173250.0
008 150625s r 000 0 d
035 _a(Sirsi) a35544
040 _aPE-LiUPU
_bspa
_cPE-LiUPU
_erda
082 0 4 _a231.74
_bBV1
_221
100 1 _aGorgulho, Frei G.S.,
_eautor.
245 1 0 _aNo tengan miedo :
_bapocalipsis y comunidad cristianas /
_cG.S. Gorgulho.
264 1 _aBuenos Aires :
_bPia Sociedad de San Pablo,
_c1980.
300 _a142 p. ;
_c19.5 cm.
336 _atext
_2rdacontent
337 _aunmediated
_2rdamedia
338 _avolume
_2rdacarrier
505 0 _aUn mensaje de esperanza.- Contenido cristiano del mensaje.- Jesus esta vivo y nos comunnica su vida.- El resucitado esta presente.- El dinamismo de la vida nueva.- La "Palabra Viviente" inicia su juicio.- Vivir los bienes mesiánicos.- La vida en el Espíritu en unión de los apóstoles.- El resucitado abre nuevos horizontes.- El resucitado viene, y nos convoca a la conversión.- El Dios vivo, comunica su propia vida.- La resurreccion es el centro de la vida de Dios.- Consecuencias de la resurrección sobre la historia.- El resucitado obra en la historia para comunicar su vida.- El testimonio de los mártires judíos.- LLega la hora y el día del Señor.- La reunión del pueblo de Dios.- Dios juzga al pueblo de la antigua alianza.- La nueva vocación profética de los cristianos.- Eficacia del testimonio en medio del mundo.- La venida del reino de Dios y del mesías.- Nacimiento del vencedor del mundo.- El resucitado, ya ha vencido al mal.- El poder del perseguidor y los sistemas ideológicos.- La fuerza del evangelio enjuicia la historia.- La victoria sobre el mal es segura.- Destrucción de los perseguidores.- Queda de manifiesto la falsedad de la ciudad.- Fin de la falsedad y de la confusión.- El resucutado es el único vencedor.- Jesucristo salva y orienta a los hombres.- El proceso dialecto de la hostoria.- El mundo nuevo de la celestial Jerusalén.- La esperanza de la venida de Jesucristo.
526 _aSEG42
526 _aSEG41
526 _aSEG40
526 _aSEG39
526 _aP94
526 _aP87
526 _aP86
526 _aP85
526 _aP77
526 _aP76
526 _aP35
650 0 4 _aCristianismo.
910 _a
942 _2ddc
_cBOOK
949 _a231.74 BV1
_wDEWEY
_c1
_i37137
_lCCODEBUL1
_mBUL
_p00.00
_r0
_sY
_tBOOK
_u2015-06-25
_xBIBLIOTECA
_zUNKNOWN
_0COMPRA
_o.STAFF. Colección General
596 _a1
999 _a231.74 BV1
_wDEWEY
_c43520
_i37137
_f2021-11-9
_g5
_lCCODEBUL1
_mBUL
_r0
_sY
_tBOOK
_u2015-6-25
_xTEOLOGIA
_zUNKNOWN
_0COMPRA
_o.STAFF. Colección General
_d43520
980 _81
_gALBERTO SANCHEZ Responsable de Automatización